Stolice Azji - klikanie - Statystyki

Ogólne statystyki
  • Ten quiz został rozwiązany 136 razy
  • Średni wynik to 36 z 48
Statystyki odpowiedzi
Hint Odpowiedź % Poprawnych
Turcja Ankara
98%
Izrael Jerozolima
95%
Japonia Tokio
95%
Cypr Nikozja
93%
Indie Nowe Delhi
93%
Chiny Pekin
93%
Korea Północna Pjongjang
93%
Korea Południowa Seul
93%
Sri Lanka Sri Dźajawardanapura Kotte
93%
Zjednoczone Emiraty Arabskie Abu Zabi
88%
Singapur Singapur
88%
Tajwan Tajpej
88%
Mongolia Ułan Bator
85%
Syria Damaszek
83%
Wietnam Hanoi
83%
Kuwejt Kuwejt
83%
Arabia Saudyjska Rijad
83%
Gruzja Tbilisi
83%
Irak Bagdad
80%
Azerbejdżan Baku
80%
Tajlandia Bangkok
80%
Indonezja Dżakarta
80%
Pakistan Islamabad
80%
Filipiny Manila
80%
Kazachstan Astana
78%
Armenia Erywań
78%
Iran Teheran
78%
Katar Doha
75%
Malezja Kuala Lumpur
75%
Liban Bejrut
73%
Afganistan Kabul
73%
Malediwy Male
73%
Jordania Amman
68%
Bangladesz Dhaka
65%
Jemen Sana
65%
Timor Wschodni Dili
63%
Nepal Katmandu
63%
Kirgistan Biszkek
60%
Mjanma Naypyidaw
60%
Oman Maskat
55%
Kambodża Phnom Penh
55%
Uzbekistan Taszkent
55%
Brunei Bandar Seri Begawan
50%
Bhutan Thimphu
50%
Laos Wientian
50%
Turkmenistan Aszchabad
48%
Tadżykistan Duszanbe
43%
Bahrajn Manama
35%
Nie znaleziono quizów pasujących do podanych kryteriów
Rozkład punktacji
Procent ludzi z każdym wynikiem
Percentyl według liczby udzielonych odpowiedzi
Twoja historia wyników
Nie rozwiązałeś tego quizu